| 000 | 01033nam a2200253Ia 4500 | ||
|---|---|---|---|
| 003 | OSt | ||
| 005 | 20221002045946.0 | ||
| 006 | a|||||r|||| 00| 0 | ||
| 007 | ta | ||
| 008 | 220930b |||||||| |||| 00| 0 hin d | ||
| 020 |
_a9788179752968 (hbk (Set)) _c7500 |
||
| 024 | _a100475 | ||
| 037 |
_b416, 23/03/2010, Swaraj Prakashan _cReference Collections |
||
| 040 |
_aCRL _cCRL _bhin |
||
| 041 |
_2hin _ahin |
||
| 082 | _aO152,2N23x, Q0.1-.5(RR) | ||
| 100 | _aवीरेन्द्र नारायण | ||
| 245 | 0 | _aवीरेन्द्र नारायण ग्रंथावली | |
| 260 |
_aनई _bदिल्ली अनामिका पब्लिशर्स _c2010 |
||
| 490 | _vभाग 1 | ||
| 700 | _a मंगलमूर्ति, संपा. | ||
| 942 |
_hO152,2N23x, Q0.1-.5(RR) _cref _2CC |
||
| 999 |
_c913504 _d913504 |
||